[Event "Liberec Region-chT 2223"]
[Site "Czech Republic"]
[Date "2023.01.29"]
[Round "7.1"]
[White "Rychtar, Pavel"]
[Black "Jares, Jiri"]
[Result "0-1"]
[WhiteElo "1941"]
[BlackElo "2016"]
[PlyCount "60"]
[EventDate "2022.10.09"]
[EventType "team-tourn"]
[EventRounds "11"]
[EventCountry "CZE"]
[SourceTitle "EXT 2024"]
[Source "ChessBase"]
[SourceDate "2023.10.10"]
[SourceVersion "1"]
[SourceVersionDate "2023.10.10"]
[SourceQuality "1"]

1. e4 Nf6 2. e5 Nd5 3. d4 d6 4. c4 Nb6 5. exd6 cxd6 6. Nc3 g6 7. Nf3 Bg4 8. Be3 Bg7 9. h3 Bxf3 10. Qxf3 Nc6 11. c5 dxc5 12. dxc5 Nd7 13. Bb5 0-0 14. Rd1 Qc8 15. Nd5 Re8 16. Bf4 e5 17. Bg5 Nd4 18. Qd3 e4 19. Qc4 Ne5 20. Bxe8 Qxe8 21. Qc1 Nd3+ 22. Rxd3 exd3+ 23. Ne7+ Kh8 24. Qc4 h6 25. h4 Nf5 26. Qe4 Bxb2 27. h5 Bc3+ 28. Kd1 Qb5 29. hxg6 Qb1+ 30. Bc1 Qc2# 0-1

[Event "Mlada Boleslav ATMOS op"]
[Site "Mlada Boleslav"]
[Date "2007.08.05"]
[Round "9"]
[White "Horackova, Alena"]
[Black "Rychtar, Pavel"]
[Result "0-1"]
[WhiteElo "1462"]
[BlackElo "1945"]
[PlyCount "117"]
[EventDate "2007.07.30"]
[EventType "swiss"]
[EventRounds "9"]
[EventCountry "CZE"]
[SourceTitle "EXT 2010"]
[Source "ChessBase"]
[SourceDate "2010.11.25"]
[SourceVersion "1"]
[SourceVersionDate "2010.11.25"]
[SourceQuality "1"]

1. e4 c5 2. d4 cxd4 3. c3 d3 4. Bxd3 Nc6 5. c4 Nf6 6. Nc3 d6 7. Nge2 e6 8. 0-0 Be7 9. Bf4 0-0 10. Rc1 a6 11. Bb1 Ng4 12. Bg3 e5 13. h3 Nh6 14. Nd5 Bg5 15. Rc3 f5 16. f4 exf4 17. Nexf4 fxe4 18. Bxe4 Nf5 19. Qh5 Ne5 20. Bxf5 Bxf5 21. Ne3 g6 22. Qd1 Qb6 23. Qd5+ Kh8 24. Rb3 Qc5 25. Qxc5 dxc5 26. Nxg6+ Nxg6 27. Nxf5 b5 28. cxb5 c4 29. Rb4 axb5 30. Rxb5 Rxa2 31. Bd6 Rd8 32. Ba3 c3 33. Nd6 Be3+ 34. Kh1 Kg8 35. Nc4 Bf4 36. bxc3 Rc8 37. Rb2 Rxb2 38. Nxb2 Rxc3 39. Bb4 Rb3 40. Bc3 Rxc3 41. Nd1 Rc1 42. Kg1 Rc2 43. Re1 Bg3 44. Re3 Bd6 45. Rc3 Rd2 46. Nf2 Nf4 47. Kf1 Be5 48. Rf3 Ra2 49. Nd3 Ra1+ 50. Kf2 Bd4+ 51. Kg3 Ne2+ 52. Kg4 Ng1 53. Rf5 Ra2 54. Nf4 Ra4 55. Ne6 Bf6+ 56. Rf4 h5+ 57. Kxh5 Ra5+ 58. Kg4 Kf7 59. Nd4 0-1

[Event "Mlada Boleslav ATMOS op"]
[Site "Mlada Boleslav"]
[Date "2007.08.02"]
[Round "5"]
[White "Rous, Daniel"]
[Black "Rychtar, Pavel"]
[Result "0-1"]
[WhiteElo "1690"]
[BlackElo "1945"]
[PlyCount "50"]
[EventDate "2007.07.30"]
[EventType "swiss"]
[EventRounds "9"]
[EventCountry "CZE"]
[SourceTitle "EXT 2010"]
[Source "ChessBase"]
[SourceDate "2010.11.25"]
[SourceVersion "1"]
[SourceVersionDate "2010.11.25"]
[SourceQuality "1"]

1. d4 Nf6 2. Nf3 b6 3. c4 Bb7 4. Nc3 e6 5. Bg5 Be7 6. e3 0-0 7. Bd3 d5 8. 0-0 h6 9. Bh4 Nbd7 10. Ne5 Ne4 11. Bxe7 Qxe7 12. f3 Nxc3 13. bxc3 Nxe5 14. dxe5 dxc4 15. Bxc4 Rfd8 16. Qe2 Qa3 17. Rac1 a6 18. Rfd1 Qc5 19. Rxd8+ Rxd8 20. f4 b5 21. Bb3 Be4 22. c4 a5 23. Qe1 Rd3 24. cxb5 Qxb5 25. Bc4 Qb2 0-1

[Event "Mlada Boleslav ATMOS op"]
[Site "Mlada Boleslav"]
[Date "2007.07.31"]
[Round "2"]
[White "Rychtar, Pavel"]
[Black "Dalecky, Bretislav"]
[Result "0-1"]
[WhiteElo "1945"]
[BlackElo "2165"]
[PlyCount "52"]
[EventDate "2007.07.30"]
[EventType "swiss"]
[EventRounds "9"]
[EventCountry "CZE"]
[SourceTitle "EXT 2010"]
[Source "ChessBase"]
[SourceDate "2010.11.25"]
[SourceVersion "1"]
[SourceVersionDate "2010.11.25"]
[SourceQuality "1"]

1. e4 c5 2. Nf3 e6 3. d4 cxd4 4. Nxd4 Nf6 5. Nc3 d6 6. Bc4 a6 7. Bb3 Be7 8. 0-0 b5 9. Qf3 Qd7 10. e5 Bb7 11. Qg3 dxe5 12. Nf3 Nc6 13. Rd1 Qc7 14. Bg5 Nh5 15. Qg4 g6 16. Qh4 h6 17. Bxe7 Qxe7 18. Qh3 b4 19. Ne2 Qf6 20. Ba4 0-0 21. Rd7 Na5 22. Ne1 Rad8 23. Rad1 Bd5 24. Rxd8 Rxd8 25. Qd3 Nc4 26. b3 Nb2 0-1